LIBRARY & INFORMATION CENTRE, KCAET, TAVANUR

ONLINE PUBLIC ACCESS CATALOGUE (OPAC)

Hand book of manuares and fertilizers / (Record no. 2590)

MARC details
000 -LEADER
fixed length control field 00444cam a2200169ua 4500
041 ## - LANGUAGE CODE
Language code of text/sound track or separate title eng
082 ## - DEWEY DECIMAL CLASSIFICATION NUMBER
Classification number 631.8
Item number RAG/HA
100 ## - MAIN ENTRY--AUTHOR NAME
Personal name Raghavan, D .
245 00 - TITLE STATEMENT
Title Hand book of manuares and fertilizers /
250 ## - EDITION STATEMENT
Edition statement 1 /
260 ## - PUBLICATION, DISTRIBUTION, ETC. (IMPRINT)
Place of publication New Delhi :
Name of publisher Indian Council for Agricultural Research ,
Year of publication 1964.
300 ## - PHYSICAL DESCRIPTION
Number of Pages 333 ; .
942 ## - ADDED ENTRY ELEMENTS (KOHA)
Koha item type Books
Holdings
Withdrawn status Lost status Damaged status Home library Current library Date acquired Cost, normal purchase price Full call number Accession Number Koha item type
Withdrawn     KAUAET KAUAET 07/04/2012 6.50 631.8 7320 Books
Withdrawn     KAUAET KAUAET 07/04/2012 6.50 631.8 7318 Books
Withdrawn Lost and Paid For   KAUAET KAUAET 23/06/2020 6.50 631.8 RAG/HA 7317 Books
free website counter